[Event "Perth Huntingdale Challengers"]
[Site "Perth"]
[Date "2006.05.24"]
[Round "4"]
[White "Massey, R."]
[Black "Galvin, Robert"]
[Result "0-1"]
[WhiteElo "1677"]
[BlackElo "1819"]
[PlyCount "92"]
[EventDate "2006.04.26"]
[EventType "tourn"]
[EventRounds "6"]
[EventCountry "AUS"]
[SourceTitle "EXT 2010"]
[Source "ChessBase"]
[SourceDate "2010.11.25"]
[SourceVersion "1"]
[SourceVersionDate "2010.11.25"]
[SourceQuality "1"]

1. Nf3 f5 2. d4 Nf6 3. Bg5 Ne4 4. h4 b6 5. e3 Bb7 6. Bd3 d6 7. Nbd2 h6 8. Bf4 g6 9. c3 e6 10. Qc2 Nxd2 11. Qxd2 Nd7 12. Qe2 Qe7 13. Bb5 Bg7 14. 0-0-0 0-0 15. Bc4 Kh8 16. Nd2 e5 17. Bg3 Rae8 18. d5 a5 19. f3 e4 20. f4 a4 21. Nb1 Nc5 22. Na3 Ra8 23. Nc2 Ba6 24. Bxa6 Rxa6 25. Nb4 Raa8 26. h5 g5 27. fxg5 hxg5 28. h6 Be5 29. Nc6 Qf6 30. Bxe5 dxe5 31. Nb4 f4 32. Rdf1 a3 33. exf4 exf4 34. g3 axb2+ 35. Qxb2 Na4 36. Qb3 Qxc3+ 37. Qxc3+ Nxc3 38. Kb2 Ne2 39. gxf4 Ng3 40. Rfg1 Nxh1 41. fxg5 Nf2 42. g6 Rf6 43. Nc6 Re8 44. Nd4 Nh3 45. Rg3 Nf4 46. Nb5 Rxg6 0-1

[Event "Perth Huntingdale Challengers"]
[Site "Perth"]
[Date "2006.05.12"]
[Round "3"]
[White "Massey, R."]
[Black "Garcia, Mat"]
[Result "1/2-1/2"]
[WhiteElo "1677"]
[BlackElo "1489"]
[PlyCount "54"]
[EventDate "2006.04.26"]
[EventType "tourn"]
[EventRounds "6"]
[EventCountry "AUS"]
[SourceTitle "EXT 2010"]
[Source "ChessBase"]
[SourceDate "2010.11.25"]
[SourceVersion "1"]
[SourceVersionDate "2010.11.25"]
[SourceQuality "1"]

1. Nf3 Nf6 2. c4 d6 3. d4 Bg4 4. Nc3 Bxf3 5. gxf3 Nbd7 6. e4 c6 7. Be3 Qc7 8. Qd2 0-0-0 9. Bh3 Kb8 10. 0-0-0 Nb6 11. Qe2 e6 12. Kb1 Be7 13. Rhg1 g6 14. b3 d5 15. e5 Nh5 16. c5 Nd7 17. Ka1 Rhe8 18. Qd2 Rg8 19. f4 Ng7 20. Bf1 Qa5 21. Qc2 Nf5 22. Be2 Ka8 23. Qb2 b5 24. b4 Qc7 25. Bd3 Kb7 26. a4 a6 27. a5 Qc8 1/2-1/2

[Event "Perth Metro CC-chB"]
[Site "Perth"]
[Date "2006.03.16"]
[Round "6"]
[White "Massey, R."]
[Black "Payne, Sophie"]
[Result "0-1"]
[WhiteElo "1601"]
[BlackElo "1658"]
[PlyCount "82"]
[EventDate "2006.02.02"]
[EventType "tourn"]
[EventRounds "11"]
[EventCountry "AUS"]
[SourceTitle "EXT 2010"]
[Source "ChessBase"]
[SourceDate "2010.11.25"]
[SourceVersion "1"]
[SourceVersionDate "2010.11.25"]
[SourceQuality "1"]

1. Nf3 Nf6 2. c4 g6 3. Nc3 Bg7 4. d4 d6 5. Bf4 0-0 6. e3 Nbd7 7. h3 c6 8. Be2 Qc7 9. 0-0 e5 10. Bh2 Ne8 11. b4 f5 12. Rb1 Ndf6 13. dxe5 Ne4 14. Nxe4 fxe4 15. exd6 Qd8 16. Ne1 Be6 17. Qc2 Qg5 18. Kh1 c5 19. bxc5 Qxc5 20. Rb5 Qc6 21. c5 Nf6 22. Bc4 Kh8 23. a4 Bf5 24. Qb3 Nd7 25. Bd5 Qc8 26. Bxb7 Nxc5 27. Qc4 Nxb7 28. Qxc8 Bxc8 29. d7 Bxd7 30. Rxb7 Bxa4 31. Rb4 Bc6 32. Nc2 a5 33. Rb6 Bd5 34. Nd4 a4 35. Kg1 a3 36. Bd6 Rf6 37. Rb8+ Rxb8 38. Bxb8 Rb6 39. Bc7 Rb2 40. Rc1 a2 41. Bd6 Rb1 0-1

[Event "Perth Metro CC-chB"]
[Site "Perth"]
[Date "2006.03.09"]
[Round "5"]
[White "Shaw, Robin A"]
[Black "Massey, R."]
[Result "1-0"]
[WhiteElo "1687"]
[BlackElo "1601"]
[PlyCount "71"]
[EventDate "2006.02.02"]
[EventType "tourn"]
[EventRounds "11"]
[EventCountry "AUS"]
[SourceTitle "EXT 2010"]
[Source "ChessBase"]
[SourceDate "2010.11.25"]
[SourceVersion "1"]
[SourceVersionDate "2010.11.25"]
[SourceQuality "1"]

1. e4 e6 2. d3 d5 3. Nd2 c5 4. g3 Nf6 5. Bg2 Nc6 6. Ngf3 Be7 7. 0-0 b6 8. Qe2 Qc7 9. c3 Bb7 10. Rd1 Ba6 11. exd5 Nxd5 12. Ne4 0-0 13. Bg5 h6 14. c4 Nf6 15. Nxf6+ Bxf6 16. Bxf6 gxf6 17. Nh4 f5 18. Qh5 Kh7 19. Nxf5 exf5 20. Qxf5+ Kh8 21. Qf6+ Kg8 22. Bxc6 Rad8 23. Be4 Rd6 24. Qf4 Bc8 25. Re1 Qd8 26. Bd5 Rg6 27. Qe5 Bd7 28. Qe7 Qc8 29. Re3 Bc6 30. Rae1 Bxd5 31. cxd5 Qh3 32. d6 Re6 33. Rxe6 fxe6 34. Qxe6+ Qxe6 35. Rxe6 Kg7 36. Re7+ 1-0

[Event "Perth Metro CC-chB"]
[Site "Perth"]
[Date "2006.02.23"]
[Round "4"]
[White "Massey, R."]
[Black "Humphries, Ryan"]
[Result "1/2-1/2"]
[WhiteElo "1601"]
[BlackElo "1555"]
[PlyCount "97"]
[EventDate "2006.02.02"]
[EventType "tourn"]
[EventRounds "11"]
[EventCountry "AUS"]
[SourceTitle "EXT 2010"]
[Source "ChessBase"]
[SourceDate "2010.11.25"]
[SourceVersion "1"]
[SourceVersionDate "2010.11.25"]
[SourceQuality "1"]

1. Nf3 d5 2. d4 Nf6 3. c4 c6 4. cxd5 cxd5 5. Nc3 Nc6 6. Bf4 Qb6 7. a3 Qxb2 8. Na4 Qb5 9. Bd2 Qa6 10. e3 b5 11. Nc3 Rb8 12. a4 Qb6 13. axb5 Nd8 14. Na4 Qc7 15. Rc1 Qd6 16. Bd3 Bd7 17. Rb1 a6 18. Nc3 axb5 19. Nxb5 Qb6 20. 0-0 e6 21. Qe2 Nb7 22. Ne5 Be7 23. Nxd7 Nxd7 24. Rfc1 0-0 25. Nc7 Qd6 26. Bb4 Ndc5 27. Nb5 Nxd3 28. Bxd6 Nxc1 29. Rxc1 Nxd6 30. Nxd6 Bxd6 31. g3 g6 32. h4 h5 33. Kg2 Kg7 34. g4 hxg4 35. Qxg4 Rh8 36. Rh1 Rh5 37. Kf3 Rbh8 38. Kg2 f5 39. Qe2 Kf6 40. f4 Rxh4 41. Rxh4 Rxh4 42. Qa6 Be7 43. Qb7 Rg4+ 44. Kf2 Bd6 45. Qd7 Bxf4 46. Qd8+ Kg7 47. Qe7+ Kh6 48. exf4 Rxf4+ 49. Kg3 1/2-1/2

[Event "Perth Respini-B"]
[Site "Perth"]
[Date "2005.09.29"]
[Round "7"]
[White "Massey, R."]
[Black "Johnstone, Ray"]
[Result "0-1"]
[WhiteElo "1786"]
[BlackElo "1725"]
[PlyCount "54"]
[EventDate "2005.09.01"]
[EventType "tourn"]
[EventRounds "9"]
[EventCountry "AUS"]
[SourceTitle "EXT 2010"]
[Source "ChessBase"]
[SourceDate "2010.11.25"]
[SourceVersion "1"]
[SourceVersionDate "2010.11.25"]
[SourceQuality "1"]

1. Nf3 d5 2. g3 Nc6 3. d3 e5 4. Nbd2 Bg4 5. Bg2 e4 6. dxe4 dxe4 7. Nxe4 Qxd1+ 8. Kxd1 0-0-0+ 9. Ned2 Nf6 10. c3 Bc5 11. Ke1 Rhe8 12. Kf1 h6 13. h3 Bh5 14. g4 Bg6 15. Nh4 Be4 16. f3 Bh7 17. e4 g5 18. Nf5 Bxf5 19. gxf5 Ne5 20. Ke2 Nh5 21. Nf1 Nd3 22. Rh2 Nhf4+ 23. Bxf4 Nxf4+ 24. Ke1 Bg1 25. Rh1 Nxg2+ 26. Ke2 Nf4+ 27. Ke1 Bb6 0-1

[Event "Perth Respini-B"]
[Site "Perth"]
[Date "2005.09.01"]
[Round "1"]
[White "Massey, R."]
[Black "Payne, Sophie"]
[Result "0-1"]
[WhiteElo "1786"]
[BlackElo "1598"]
[PlyCount "33"]
[EventDate "2005.09.01"]
[EventType "tourn"]
[EventRounds "9"]
[EventCountry "AUS"]
[SourceTitle "EXT 2010"]
[Source "ChessBase"]
[SourceDate "2010.11.25"]
[SourceVersion "1"]
[SourceVersionDate "2010.11.25"]
[SourceQuality "1"]

1. Nf3 Nf6 2. c4 g6 3. Nc3 Bg7 4. e4 d6 5. d4 0-0 6. Be2 e5 7. dxe5 dxe5 8. Qxd8 Rxd8 9. Bg5 Re8 10. 0-0-0 c6 11. Nxe5 Nxe4 12. Nxe4 Bxe5 13. Nf6+ Bxf6 14. Bxf6 Nd7 15. Rxd7 Bxd7 16. Rd1 Rxe2 17. Rxd7 0-1